000 00290nam a22001337a 4500
008 170801b xxu||||| |||| 00| 0 eng d
020 _a752063324455
041 _aeng
080 _22ND
_a004
100 _a32
101 _aSHK
245 _aASP.NET IN 21 DAYS
_cPAYNE,CH
942 _2udc
_cBK
999 _c22442
_d22442